000 00330nam a2200145Ia 4500
008 230312s9999||||xx |||||||||||||| ||und||
020 _aN.M
082 _a340
_bPEL-A
100 _aPell team
245 0 _aAircraft maintenance engineer license
260 _aPakistan
_c2021
300 _aN.M
650 _aAviation
942 _cBK
999 _c14726
_d14726